000 00522nam a2200181Ia 4500
005 20250508160559.0
008 008 250505s9999 xx 000 0 eng d
037 _aTextual
040 _aFEDL
_beng
_cFEDL
041 _aeng
_2eng
084 _a370.193 951, TSA
_qFEDL
100 _aTsang Chiu - Sam
_9768836
245 0 _aSociety, schools and progress in China
260 _aOxford
_bPergamon Press Ltd
_c1968
300 _axx,333p
942 _cTEXL
_h370.193 951, TSA
999 _c1365442
_d1365442